| 000 | 00875nam a22002657a 4500 | ||
|---|---|---|---|
| 001 | 4135 | ||
| 003 | FISKH | ||
| 005 | 20250905122202.0 | ||
| 008 | 240611b cb ||||| |||| 00| 0 eng d | ||
| 020 | _a9780545489768 | ||
| 040 |
_aFISKH _beng _cFISKH _dFISKH |
||
| 050 | _aPZ7.S78627 | ||
| 082 | _a823.914 | ||
| 100 |
_aStandiford Natalie _d1961- |
||
| 245 |
_aThe secret tree / _cNatalie Standiford |
||
| 260 |
_aNew York : _bScholastic, _c2012 |
||
| 300 |
_a245 pages : _c20 cm |
||
| 505 | _aH | ||
| 520 | _aAfter sixth grader Minty discovers a secret tree with a hollow trunk that holds the secrets of everyone in the neighborhood, Raymond, a new boy drawn to the tree and Minty start watching their neighbors. | ||
| 521 | 8 |
_a510
_bLexile |
|
| 521 | 8 |
_aH
_bRaz-Plus |
|
| 700 | _aNatalie Standiford | ||
| 942 |
_2ddc _cBK _n0 |
||
| 999 |
_c4135 _d4135 |
||